Principios de edafología; con énfasis en suelos argentinos /

Guardado en:
Autor Principal: Conti, Marta
Formato: Libro
Publicado: Buenos Aires : , 1998
Materias:
Etiquetas: Agregar Etiqueta
Sin Etiquetas, Sea el primero en etiquetar este registro!
LEADER 00569nam a22002055a 4500
001 CEM.cems016680
005 20100310180059.0
008 130507s1998##################000#0#####d
003 CEMS
082 0 4 |a 631.4 
100 1 |a Conti, Marta 
245 1 0 |a Principios de edafología; con énfasis en suelos argentinos /  |c Marta Conti, 
260 |a Buenos Aires :  |b ,  |c 1998 
300 |a 350 p. 
653 |a Edafologia 
653 |a Coloides 
653 |a Rocas 
653 |a Suelo y agua 
653 |a Suelos-texturas 
859 |a CEMS  |b BIB. CEMS - Agricultura  |h 631.4  |i C627  |p A0023.00  |t Ej.1